000 00244nam a2200109Ia 4500
008 210210b1923 xxu||||| |||| 00| 0 eng d
082 _a536/79
100 _aLODGE (Oliver)
245 _aElectrons
260 _aLondon
_b-
_c1923
906 _a008877
999 _c126696
_d126696